La Convención Americana sobre Derechos Humanos y los votos de la Sala Constitucional de Costa Rica; incluye las opiniones consultivas de la Corte Interamericana de Derechos Humanos
Na minha lista:
| Autor principal: | |
|---|---|
| Formato: | Texto |
| Publicado em: |
San José:
Universidad Autónoma de Centro América
|
| Tags: |
Adicionar Tag
Sem tags, seja o primeiro a adicionar uma tag!
|
MARC
| LEADER | 00000 a a2200000 04500 | ||
|---|---|---|---|
| 001 | 12156 | ||
| 003 | |||
| 040 | |||
| 090 | |a 142100 | ||
| 100 | |a Navarro Del Valle, Hermes | ||
| 245 | |a La Convención Americana sobre Derechos Humanos y los votos de la Sala Constitucional de Costa Rica; incluye las opiniones consultivas de la Corte Interamericana de Derechos Humanos | ||
| 260 | |a San José: |b Universidad Autónoma de Centro América | ||
| 300 | |a 444 p. | ||
| 500 | |a Premio 1996 "Fernando Coto Albán" | ||
| 999 | |c 4006 |d 4006 | ||
